书目信息 |
| 题名: |
中国历代文赋百篇 注释本
|
|
| 作者: | 莫涤泉 编著 | |
| 分册: | ||
| 出版信息: | 南宁 广西民族出版社 1995.12 |
|
| 页数: | 309页 | |
| 开本: | 32开 | |
| 丛书名: | ||
| 单 册: | ||
| 中图分类: | I222.4 | |
| 科图分类: | ||
| 主题词: | 诗歌--中国 , 韵文--中国 | |
| 电子资源: | ||
| ISBN: | 7-5363-3068-5 | |
| 000 | 00600nam0 2200205 45 | |
| 001 | 0011231654 | |
| 005 | 20001123162934.9 | |
| 010 | @a7-5363-3068-5@d16.80元 | |
| 100 | @a20001123d1995 km y0chiy0120 ea | |
| 101 | 0 | @achi |
| 105 | @a z 000yy | |
| 200 | 1 | @a中国历代文赋百篇 注释本@AZhong Guo Li Dai Wen Fu Bai Pian Zhu Shi Ben@f莫涤泉编著@FMo Di Quan Bian Zhu |
| 210 | @a南宁@c广西民族出版社@d1995.12 | |
| 215 | @a309页@d32开 | |
| 606 | 0 | @a诗歌@x中国 |
| 606 | 0 | @a韵文@x中国 |
| 690 | @aI222.4@v3 | |
| 701 | 0 | @a莫涤泉@4编著 |
| 801 | @aCN@bPftUser@c20001123 | |
| 905 | @b502181@dI222.4@eM676@f1 | |
| 中国历代文赋百篇 注释本/莫涤泉编著.-南宁:广西民族出版社,1995.12 |
| 309页;32开 |
| ISBN 7-5363-3068-5:16.80元 |
| ● |
| 相关链接 |
|
|
|
正题名:中国历代文赋百篇注释本
索取号:I222.4/M676
 
预约/预借
| 序号 | 登录号 | 条形码 | 馆藏地/架位号 | 状态 | 备注 |
| 1 | 502181 | 205021812 | 自科二线404/108文学库 16排3列2层/ [索取号:I222.4/M676] | 在馆 |